[Event "Floripa Chess Open 2024"]
[Site "Florianopolis"]
[Date "2024.01.28"]
[Round "10.118"]
[White "Da Silva, Leonardo Douglas Si"]
[Black "Lunelli, Neuri Antonio"]
[Result "0-1"]
[WhiteElo "1800"]
[BlackElo "1744"]
[PlyCount "96"]
[EventDate "2024.01.20"]
[EventRounds "10"]
[EventCountry "BRA"]

1. d4 Nf6 2. Nf3 g6 3. c4 Bg7 4. Nc3 d6 5. Bg5 c6 6. e3 Nbd7 7. Be2 Qc7 8. O-O
O-O 9. Rc1 ({RR} 9. b4 e5 10. Rc1 Re8 11. Qb3 Nf8 12. d5 N8d7 13. Rfd1 c5 14.
a3 h6 15. Bh4 Nh7 16. Nd2 f5 17. f3 a6 18. Qb1 b6 19. Nb3 Ndf6 20. Bf2 Bd7 21.
Nd2 Rab8 22. Re1 h5 23. h3 Bh6 {Juswanto,D (2465)-Irzhanov,R (2536) Shenyang
1999 1-0 (42)}) 9... e5 10. dxe5 ({RR} 10. b4 Re8 11. c5 dxc5 12. dxe5 Nxe5 13.
Nxe5 cxb4 14. Nb5 Qxe5 15. Bf4 Qe7 16. Nc7 Rd8 17. Qa4 Nd5 18. Nxa8 Nc3 19.
Rxc3 b5 20. Bg5 f6 21. Qa5 bxc3 22. Bf4 g5 23. Bg3 Bf5 24. Qxc3 Rxa8 {Damar,S 
(1859)-Tocoglu,O (1718) Konya TUR 2019 1-0}) 10... dxe5 11. Qc2 $146 ({RR} 11.
e4 Nc5 12. Qc2 Bg4 13. Be3 Ne6 14. Ng5 Nxg5 15. Bxg5 Be6 16. a3 Nd7 17. Rfd1 f6
18. Bh4 Rfd8 19. b4 Nf8 20. Na4 Bf7 21. Nc5 Ne6 22. Nxe6 Bxe6 23. f3 Bh6 24.
Rb1 Be3+ 25. Bf2 Bxf2+ {Kapp,M-Friedrich,A Sebnitz 1998 1/2-1/2 (54)}) ({RR} 
11. Bh4 Nc5 12. Bg3 Nfe4 13. Nxe4 Nxe4 14. Bh4 f5 15. Nd2 Nc5 16. f3 Bh6 17.
Bf2 e4 18. Qc2 exf3 19. gxf3 Qe7 20. b4 Na6 21. a3 Bxe3 22. c5 Bxf2+ 23. Rxf2
Nc7 24. Bc4+ Be6 25. Re1 Rf6 {Lamser,J (2200)-Lacko,J (2157) Brno 2002 1/2-1/2
(49)}) 11... Nc5 12. Nd2 Bf5 13. e4 Bd7 14. Rfd1 Rae8 15. b4 Ne6 16. Be3 Nd4
17. Qb1 Bg4 18. f3 Bc8 19. Bf1 Nh5 20. Ne2 f5 21. c5 fxe4 22. Nxe4 Nxe2+ 23.
Bxe2 Nf4 24. Bc4+ Kh8 25. Nd6 Re7 26. Rd2 Be6 27. Bxe6 Rxe6 28. Bxf4 Rxf4 29.
Qb3 Re7 30. Rcd1 Rd4 31. Re2 Rxd1+ 32. Qxd1 h6 33. Qd3 Kh7 34. Re4 Qd7 35. h4
h5 36. g4 hxg4 37. fxg4 Qe6 38. h5 Kg8 39. Re2 Qxg4+ 40. Rg2 Qxh5 41. Rxg6 e4
42. Qg3 e3 43. Rg4 e2 44. Re4 Rxe4 45. Nxe4 Qf5 46. Qb8+ Bf8 47. Qg3+ Kf7 48.
Ng5+ Qxg5 0-1

[Event "Floripa Chess Open 2024"]
[Site "Florianopolis"]
[Date "2024.01.28"]
[Round "10.119"]
[White "Costa, Ricardo Santos"]
[Black "Candido, Eduardo Da Silva"]
[Result "1/2-1/2"]
[WhiteElo "1731"]
[BlackElo "1792"]
[PlyCount "60"]
[EventDate "2024.01.20"]
[EventRounds "10"]
[EventCountry "BRA"]

1. d4 Nf6 2. c4 g6 3. Nc3 d5 4. Nf3 Bg7 5. e3 O-O 6. Bd3 c5 7. h3 Nc6 8. a3
cxd4 9. exd4 dxc4 10. Bxc4 e6 11. O-O Qc7 $146 ({RR} 11... b6 12. Be3 Bb7 13.
Ba2 Rc8 14. Qd2 Ne7 15. Ne5 Ned5 16. Bh6 Nxc3 17. Bxg7 Kxg7 18. bxc3 Ne4 19.
Qf4 Nxc3 20. Qd2 Nxa2 21. Rxa2 Qd5 22. f3 Rfd8 23. Rd1 h5 24. f4 f6 25. Nf3 Rc4
26. a4 {Hasanovic,J (1866)-Kabadayi,S (1514) Sarajevo BIH 2018 0-1}) 12. Ba2 a6
13. Be3 Rd8 14. Qe2 Ne7 15. Rac1 Qd6 16. Rfd1 b6 17. Rd2 Bb7 18. Rcd1 Ned5 19.
Bxd5 Bxd5 20. Nxd5 Nxd5 21. Rc1 Rac8 22. Rdc2 Rxc2 23. Qxc2 Nf4 24. Kf1 Nd5 25.
Qc6 h6 26. Qxd6 Rxd6 27. Ke2 Kf8 28. Ne5 Nxe3 29. Kxe3 Bxe5 30. dxe5 Rd5
1/2-1/2

[Event "Floripa Chess Open 2024"]
[Site "Florianopolis"]
[Date "2024.01.28"]
[Round "10.120"]
[White "Constantino, Pedro Henrique"]
[Black "Quintela, Filipe"]
[Result "1-0"]
[WhiteElo "1728"]
[BlackElo "1800"]
[PlyCount "47"]
[EventDate "2024.01.20"]
[EventRounds "10"]
[EventCountry "BRA"]

1. e4 e5 2. Nf3 Nc6 3. d4 d5 4. Bb5 exd4 ({RR} 4... dxe4 5. Nxe5 Bd7 6. Bxc6
Bxc6 7. Nc3 Nf6 8. O-O Bd6 9. Nxc6 bxc6 10. Bg5 h6 11. Bxf6 Qxf6 12. Nxe4 Qf4
13. Nxd6+ cxd6 14. Re1+ Kf8 15. Qd3 g6 16. Re3 Kg7 17. Rae1 Rab8 18. b3 Rb5 19.
Rf3 {Narayanan,S (2658)-Ingebretsen,J (2309) chess.com INT 2021 1-0 (53)}) 5.
Nxd4 $146 ({RR} 5. Qxd4 a6 6. Bxc6+ bxc6 7. exd5 cxd5 8. O-O Nf6 9. Re1+ Be7
10. Ne5 O-O 11. Nc6 Qe8 12. Nxe7+ Kh8 13. Ng6+ fxg6 14. Rxe8 Rxe8 15. Bd2 Rb8
16. Na3 a5 17. Re1 Ne4 18. f3 Bf5 19. fxe4 dxe4 {Krumpholz,J-Chvojka,M Svetla
nad Sazavou 1997 1-0 (49)}) ({RR} 5. Qxd4 Nge7 6. Nc3 Bd7 7. Bxc6 Bxc6 8. e5
Nf5 9. Bg5 Nxd4 10. Bxd8 Nxc2+ {0-1 (10) Jansen,J (1139)-Juergens,U (1143)
Dortmund 2004}) 5... Nge7 6. Bg5 f6 7. Be3 a6 8. Bxc6+ bxc6 9. Qh5+ g6 10. Qh4
Bg7 11. O-O c5 12. Nf3 d4 13. Bh6 O-O 14. Bxg7 Kxg7 15. Nbd2 d3 16. cxd3 Qxd3
17. Rac1 Qb5 18. Rc2 Rb8 19. Rfc1 c6 20. b3 Qa5 21. Qf4 Be6 22. Qd6 Kf7 23.
Rxc5 Qxa2 24. Nd4 1-0

[Event "Floripa Chess Open 2024"]
[Site "Florianopolis"]
[Date "2024.01.28"]
[Round "10.121"]
[White "Rafaelknunes, Rafael Klanfer Nune"]
[Black "Farias, Robson Da Costa"]
[Result "1-0"]
[WhiteElo "1789"]
[BlackElo "1721"]
[PlyCount "143"]
[EventDate "2024.01.20"]
[EventRounds "10"]
[EventCountry "BRA"]

1. d4 d5 2. Bf4 Nf6 3. e3 e6 4. Nf3 Be7 5. Bd3 Nbd7 6. Ne5 ({RR} 6. c3 b6 7.
Nbd2 Bb7 8. O-O c5 9. Ne5 Nxe5 10. Bxe5 O-O 11. Qf3 Nd7 12. Qh3 f5 13. f4 Nxe5
14. fxe5 a5 15. Rf2 Ba6 16. Bc2 Bh4 17. g3 Bg5 18. g4 Bh6 19. Rg2 fxg4 20. Rxg4
Kh8 {Glienke,M (2335)-Jussupow,A (2565) Plovdiv 1983 0-1 (33)}) 6... Nxe5 ({RR
} 6... O-O 7. Nd2 Nxe5 8. dxe5 Ne8 9. Qh5 g6 10. Qh6 f6 11. Nf3 Rf7 12. g4 c5
13. c3 d4 14. cxd4 cxd4 15. O-O-O Qd5 16. g5 f5 17. Nxd4 Qxa2 18. Bb1 Qa5 19.
Bc2 Bd7 20. Kb1 Rc8 21. Qh3 {Potocki,K (1840)-Kosny,M (1861) Warsaw POL 2019
0-1}) 7. Bxe5 $146 ({RR} 7. dxe5 Nd7 8. Qg4 g5 9. h4 h5 10. hxg5 hxg4 11. Rxh8+
Nf8 12. g6 fxg6 13. Bxg6+ Kd7 14. Bh5 c5 15. Bxg4 Qb6 16. b3 Ng6 17. Rh5 Nxf4
18. exf4 Qb4+ 19. Nd2 Qxf4 20. Bf3 b5 21. Rd1 Kc7 {Zheleznov,S (2145)-Darmin,D
(2260) Ufa 2006 0-1 (32)}) 7... Bd6 8. Bg3 h5 9. Bh4 e5 10. O-O e4 11. Be2
Bxh2+ 12. Kh1 Bd6 13. c4 Be7 14. Bxf6 Bxf6 15. cxd5 h4 16. Nc3 h3 17. g3 Bf5
18. Bb5+ Kf8 19. Kh2 a6 20. Ba4 b5 21. Bb3 b4 22. Na4 Be7 23. f3 Bd6 24. f4 g5
25. Nc5 gxf4 26. exf4 Qe7 27. Nb7 e3 28. Qf3 e2 29. Rfe1 Re8 30. Bc4 Be4 31.
Qe3 c6 32. dxc6 Bxc6 33. Qxe7+ Bxe7 34. Na5 Bb5 35. Bxb5 axb5 36. Rxe2 Bf6 37.
Rxe8+ Kxe8 38. Nb3 Kd7 39. Rc1 Ra8 40. Ra1 Kc6 41. Kxh3 Kd5 42. Kg4 Bxd4 43.
Nxd4 Kxd4 44. Kf5 Ra6 45. g4 b3 46. a3 Kd3 47. Rc1 Kd2 48. Rc3 b4 49. axb4 Ra4
50. Rxb3 Kc2 51. Rc3+ Kxb2 52. Rc4 Kb3 53. Re4 Ra6 54. b5 Rb6 55. Re5 Kc4 56.
Ke4 f6 57. Rh5 Rb8 58. Kf5 Rxb5+ 59. Kxf6 Rb6+ 60. Kg5 Kd5 61. Kh4+ Ke4 62. f5
Kf4 63. Rh7 Rb1 64. Kh5 Rh1+ 65. Kg6 Rg1 66. Rh4 Kg3 67. Rh5 Kf4 68. Rg5 Ra1
69. f6 Ra6 70. Rf5+ Kxg4 71. Rf1 Ra5 72. f7 1-0

[Event "Floripa Chess Open 2024"]
[Site "Florianopolis"]
[Date "2024.01.28"]
[Round "10.122"]
[White "Vieira, Igor Do Nascimento"]
[Black "Rodrigues, Natanael Isau"]
[Result "1/2-1/2"]
[WhiteElo "1280"]
[BlackElo "1704"]
[PlyCount "136"]
[EventDate "2024.01.20"]
[EventRounds "10"]
[EventCountry "BRA"]

1. e4 c5 2. Nf3 g6 3. d4 cxd4 4. Nxd4 Bg7 5. c4 Nc6 6. Be3 Nf6 7. f3 d6 8. Nc3
O-O 9. Be2 a5 ({RR} 9... Nxd4 10. Bxd4 Be6 11. Rc1 Nd7 12. Be3 a6 13. O-O Rc8
14. b3 b5 15. Nd5 bxc4 16. Rxc4 Rxc4 17. Bxc4 a5 18. Qd2 Bxd5 19. Bxd5 Ne5 20.
Rc1 e6 21. Bb7 Qb8 22. Ba6 Qb4 23. Be2 Rd8 24. f4 {Portisch,L (2600)
-Yermolinsky,A (2610) Yerevan 1996 1/2-1/2 (48)}) 10. Rc1 ({RR} 10. b3 Nd7 11.
Ndb5 Nc5 12. Rc1 a4 13. O-O axb3 14. axb3 f5 15. exf5 Bxf5 16. g4 Be6 17. Nd5
Ra2 18. b4 Bxd5 19. Qxd5+ e6 20. Qxd6 Qxd6 21. Nxd6 Rxe2 22. Bxc5 Ne5 23. Rf2
Nxf3+ 24. Kf1 Rxf2+ {Zanan,E (2505)-Stisis,Y (2320) Netanya ISR 2019 1/2-1/2 
(37)}) 10... Nxd4 11. Bxd4 Nd7 12. Na4 $146 ({RR} 12. O-O Nc5 13. Kh1 Bd7 14.
Bxg7 Kxg7 15. f4 Bc6 16. Qd4+ Kg8 17. Nd5 Nxe4 18. Qxe4 e6 19. f5 exd5 20. cxd5
Bd7 21. Bd3 Qg5 22. h4 Qh6 23. fxg6 fxg6 24. Qe7 Bf5 25. Bxf5 Rxf5 26. Kh2 Rxf1
{Stojanovic,M (2522)-Golubov,S (2476) Porto Carras GRE 2018 1/2-1/2 (41)})
12... Bxd4 13. Qxd4 b6 14. O-O Bb7 15. Rfd1 Bc6 16. Nc3 Nc5 17. h4 Rc8 18. Qd2
Kg7 19. h5 h6 20. hxg6 fxg6 21. Qd4+ Kh7 22. Kf2 Rf7 23. Rh1 e5 24. Qe3 Qf8 25.
Rh2 Rf4 26. Bd3 h5 27. Bc2 Qf7 28. g3 Rf6 29. Rch1 Kg7 30. g4 Rh8 31. gxh5 gxh5
32. Rg2+ Kf8 33. Nd5 Bxd5 34. cxd5 Rf4 35. Ke2 Qd7 36. Qc3 h4 37. a3 h3 38. Rg4
Rxg4 39. fxg4 Qxg4+ 40. Qf3+ Qxf3+ 41. Kxf3 Ke7 42. Kg3 Rg8+ 43. Kxh3 Rh8+ 44.
Kg2 Rxh1 45. Kxh1 Kf6 46. Kg2 Kg5 47. Kg3 Na6 48. Bd3 Nc7 49. b4 Ne8 50. bxa5
bxa5 51. a4 Nf6 52. Bc2 Nh5+ 53. Kf3 Kh4 54. Ke3 Ng7 55. Kd3 Ne8 56. Kc4 Nc7
57. Bd3 Kg3 58. Bc2 Kf3 59. Bd3 Ke3 60. Bc2 Kd2 61. Bb3 Na6 62. Kb5 Nc5 63. Bc4
Kc3 64. Bf1 Kb3 65. Kxa5 Nxa4 66. Kb5 Nc5 67. Kc6 Nxe4 68. Bg2 Nc3 1/2-1/2

[Event "Floripa Chess Open 2024"]
[Site "Florianopolis"]
[Date "2024.01.28"]
[Round "10.123"]
[White "Philippi, Enzo Grotto"]
[Black "Boeck, Moacir Luis"]
[Result "0-1"]
[WhiteElo "1471"]
[BlackElo "1900"]
[PlyCount "40"]
[EventDate "2024.01.20"]
[EventRounds "10"]
[EventCountry "BRA"]

1. e4 c5 2. Nf3 d6 3. c4 e5 4. Nc3 Nc6 5. Be2 Nge7 6. h3 g6 7. O-O Bg7 8. d3
O-O 9. Bd2 $146 ({RR} 9. a3 f5 10. Rb1 a5 11. Nh2 f4 12. Bg4 Nd4 13. Bxc8 Rxc8
14. Nf3 Nec6 15. Nb5 Ne6 16. Nh2 Qe7 17. Nc3 Ncd4 18. Nf3 Nxf3+ 19. Qxf3 Nd4
20. Qg4 Qf7 21. Nb5 Nxb5 22. cxb5 Qb3 23. Qd1 Qxb5 {Sunts,A-Golonka,S
Eastpointe 1994 0-1 (41)}) ({RR} 9. Bg5 f6 10. Be3 f5 11. exf5 gxf5 12. Bg5 h6
13. Bh4 Qd7 14. Nd2 Ng6 15. Bg3 f4 16. Bh2 Nd4 17. Bh5 Nh4 18. Nce4 f3 19. g4
Qe6 20. Bg3 Ng6 21. Kh2 Bd7 22. Re1 Nf4 23. Bxf4 Rxf4 {Palshin,I-Shmidt,E 
(2098) Syktyvkar 2007 0-1 (57)}) ({RR} 9. b3 f5 10. exf5 Bxf5 11. Bb2 d5 12.
Nh4 d4 13. Nxf5 gxf5 14. Nb1 Ng6 15. Ba3 Qe7 16. Bf3 Qd6 17. g3 Rae8 18. Nd2 b6
19. Bg2 Bh6 20. Re1 Qf6 21. Bc1 Bg7 22. Qf3 Nb4 23. Qd1 e4 {Mao,Y (1577)
-Spitzl,V (2069) Bad Homburg 2015 0-1 (33)}) 9... h6 10. Qc1 Kh7 11. Rb1 f5 12.
Ne1 Nd4 13. Nc2 Nec6 14. f3 f4 15. Nxd4 Nxd4 16. Qd1 Bf6 17. Nd5 Bh4 18. Kh1
Bg3 19. Be1 Qh4 20. Bxg3 fxg3 0-1

[Event "Floripa Chess Open 2024"]
[Site "Florianopolis"]
[Date "2024.01.28"]
[Round "10.125"]
[White "Cerrato, Alex"]
[Black "Carvalho, Eduardo Meireles"]
[Result "1-0"]
[WhiteElo "1884"]
[BlackElo "1476"]
[PlyCount "71"]
[EventDate "2024.01.20"]
[EventRounds "10"]
[EventCountry "BRA"]

1. d4 c6 2. Nc3 d5 3. Bf4 Bf5 4. f3 Nf6 5. g4 Bg6 6. h4 h5 7. g5 Nfd7 8. e3 e6
9. Bd3 Bh7 $146 ({RR} 9... Bxd3 10. cxd3 g6 11. Nge2 Nb6 12. e4 Bd6 13. Bxd6
Qxd6 14. e5 Qe7 15. O-O O-O 16. f4 Kg7 17. Ng3 Qb4 18. Nce2 Rh8 19. a3 Qe7 20.
f5 exf5 21. Nf4 Qd7 22. Nfxh5+ gxh5 23. Nxf5+ Kg8 24. Kh2 {Lugovskoy,M (2436)
-Tenikashvili,G (2305) Sochi 2016 1-0}) ({RR} 9... Bb4 10. Nge2 O-O 11. a3 Ba5
12. Bg3 Bc7 13. Bxg6 fxg6 14. Bxc7 Qxc7 15. Qd3 Rxf3 16. O-O-O Nf8 17. Rdf1 Rf7
18. Nf4 e5 19. dxe5 Qxe5 20. Nxg6 Nxg6 21. Qxg6 Qxe3+ 22. Kb1 Qe8 23. Re1 Qf8
24. Qxh5 {Fiorito,F (2380)-Quirke,J (2108) chess.com INT 2021 1-0}) ({RR} 9...
Bb4 10. Bxg6 fxg6 11. Qd3 Kf7 12. Nge2 Nb6 13. Be5 Nc4 14. Nf4 Nxe5 15. dxe5
Qe8 16. Qxg6+ Kf8 17. Nxe6+ Ke7 18. Qxe8+ Kxe8 19. Nc7+ Kd7 20. Nxa8 Na6 21.
O-O-O Bxc3 22. bxc3 g6 23. c4 Ke6 24. cxd5+ {Ivbulis,M (1801)-Pun Magar,B
Blankenberge BEL 2021 1-0 (34)}) 10. Nge2 Na6 11. a3 c5 12. Ng3 c4 13. Bxh7
Rxh7 14. e4 Qb6 15. Qd2 Bd6 16. O-O-O O-O-O 17. exd5 Rhh8 18. dxe6 fxe6 19.
Rhe1 Rdf8 20. Bxd6 Qxd6 21. Nge4 Qb6 22. Qe2 Kb8 23. Nd2 Rf4 24. Nxc4 Qc7 25.
Nb5 Qc6 26. Ne5 Qd5 27. Nxd7+ Ka8 28. Nc5 Qa2 29. Nc3 Qa1+ 30. Nb1 Rc8 31. Qxe6
Rff8 32. Nxa6 bxa6 33. Qd5+ Kb8 34. Re7 Rxc2+ 35. Kxc2 Rc8+ 36. Kb3 1-0

[Event "Floripa Chess Open 2024"]
[Site "Florianopolis"]
[Date "2024.01.28"]
[Round "10.126"]
[White "Borgonovo, Fabiano"]
[Black "Cavalcante, Adriano Nunes"]
[Result "0-1"]
[WhiteElo "1466"]
[BlackElo "1878"]
[PlyCount "84"]
[EventDate "2024.01.20"]
[EventRounds "10"]
[EventCountry "BRA"]

1. d4 {Krasenkow,M} d5 2. c4 e6 3. Nf3 Nf6 4. Nc3 Be7 5. Bf4 O-O 6. e3 Nbd7 7.
Qc2 c5 8. Be2 $146 ({RR} 8. cxd5 Nxd5 9. Nxd5 exd5 10. Bd3 Qa5+ 11. Nd2 Nf6 12.
O-O c4 13. Be2 Be6 14. Rfd1 Rac8 15. Nf1 Nd7 16. e4 dxe4 17. Qxe4 Qd5 18. Qxd5
Bxd5 19. Ne3 Nb6 20. Rac1 Rfd8 21. Be5 g6 22. Nxd5 Rxd5 {Eliskases,E-Kmoch,H
Ebensee 1930 1/2-1/2 (38)}) ({RR} 8. Rd1 cxd4 ({RR} 8... Qa5 9. Nd2 ({RR} 9. a3
Ne4 10. Bd3 cxd4 11. exd4 Ndf6 12. O-O Nxc3 13. bxc3 Bd7 14. Rb1 dxc4 15. Bxc4
Bc6) 9... cxd4 10. exd4 dxc4 11. Nxc4 Qd8 12. Bd3 Nb6 13. O-O Bd7 14. Nxb6 Qxb6
15. d5 Kh8 16. dxe6) 9. Rxd4 ({RR} 9. exd4 dxc4 10. Bxc4 Nb6 11. Bd3 ({RR} 11.
Bb3 Nbd5 12. Bg5 b6 13. O-O Bb7 14. Ne5 Rc8 15. Qd3 Nxc3 16. bxc3 Ne4 17. Bxe7
Qxe7 18. c4 Rfd8) 11... Nbd5 12. Nxd5 exd5 13. Ne5 Bb4+ 14. Bd2 Bxd2+ 15. Qxd2
Bg4 16. f3 Bh5 17. O-O Qb6 18. Bf5 Rfe8 19. Rfe1 Bg6) 9... Qa5 10. Bg3 ({RR} 
10. cxd5 Nxd5 11. Ra4 Qc5 12. Rc4 Qa5 13. Ra4 Qc5 14. Bg5 f6 15. Bh4 N7b6)
10... Nb6 11. Nd2 dxc4 12. Bxc4 Nxc4 ({RR} 12... Nfd5 13. O-O ({RR} 13. Bd3)
13... Nxc3 14. bxc3 Bf6 15. Nb3 Qh5 16. Be2 Qg6 17. Bd3 Qh6 18. Re4 Bd7 19. c4
Rac8 20. c5 Nd5) 13. Nxc4 Qa6 14. O-O Bd7 ({RR} 14... Nd5 15. e4 ({RR} 15. Nxd5
exd5 16. Ne5 Be6) ({RR} 15. Rxd5 exd5 16. Nxd5 Bd8) 15... Nxc3 16. Qxc3 Qxa2 ({
RR} 16... f6 17. Qb3) 17. b4 Qa6 18. Rfd1) 15. Rfd1 Bc6 ({RR} 15... Nd5 16.
Rxd5 exd5 17. Nxd5 Bd8 18. Bd6 Re8 19. Nb4 Bf5 ({RR} 19... Qb5 20. Rd5) 20. Qb3
Qb5 21. Rd5 Qd7 22. Bc5 Qe6 23. Nd6 a5 24. Re5 ({RR} 24. Nxe8 axb4 25. Nd6 Bc2
26. Qc4 b3) 24... axb4 ({RR} 24... Qxe5 25. Qxf7+ Kh8 26. Nxe8) 25. Rxe6 Bxe6
26. Qxb4 Rxa2 27. f4 Re7 28. Nxb7) 16. Bd6 Bxd6 17. Nxd6 Bd5 ({RR} 17... Nd5
18. a3 Rad8 ({RR} 18... Nxc3 19. Qxc3 Bd5 20. Nf5) 19. Nce4) 18. Ndb5 Qb6 19.
e4 ({RR} 19. Nxd5 Nxd5 20. Nc3) 19... Bc6 ({RR} 19... Bxe4 20. Rxe4 ({RR} 20.
Nxe4 Nxe4 21. Qxe4 ({RR} 21. Nc7 Rac8) 21... Qxb5 22. Rb4 Rfd8) 20... Nxe4 21.
Qxe4 Rfd8) 20. Nd6 ({RR} 20. e5 Nd5 21. Nxd5 Bxd5 22. Nc7 Rac8 23. Nxd5 Rxc2 ({
RR} 23... exd5 24. Qd2) 24. Nxb6 axb6 25. Rb4) 20... e5 ({RR} 20... Rfd8) 21.
R4d3 Rad8 22. h3 Rd7 {Aronian,L (2805)-Radjabov,T (2744) Ningbo 2011 CBM 144 
[Krasenkow,M] 1/2-1/2 (33)} {RR} 23. Na4 Bxa4 24. Qxa4 Rfd8 25. Nc4 Qe6 26.
Nxe5 Rxd3 27. Rxd3) ({RR} 8. cxd5) ({RR} 8. dxc5) ({RR} 8. Rd1 cxd4 9. Rxd4 Qa5
10. Bg3 Nb6 11. Ne5 dxc4 12. Bxc4 Nxc4 13. Nxc4 Qa6 14. O-O Bd7 15. Rfd1 Bc6
16. Bd6 Bxd6 17. Nxd6 Bd5 18. Ndb5 Rac8 19. Qd3 Bc6 20. Nd6 Qxd3 21. R4xd3 Rc7
22. e4 a6 {Farago,I (2477)-Kovacs,G (2471) Hungary 2014 1/2-1/2}) ({RR} 8. cxd5
exd5 9. O-O-O c4 10. g4 Qa5 11. g5 Ne4 12. Nxe4 dxe4 13. Qxe4 Re8 14. Qc2 Nb6
15. Ne5 Qxa2 16. e4 Bd6 17. Bg3 Bxe5 18. dxe5 Bg4 19. Rd6 Bf3 20. Rg1 Rac8 21.
Kd2 Rc5 22. Ke3 Bh5 {Lilienthal,A-Khalilbeili,S Erevan (Armenia) 1956 0-1}) ({
RR} 8. cxd5 exd5 9. Be2 cxd4 10. Nxd4 Nc5 11. O-O a6 12. Rfd1 Re8 13. Bf3 Bf8
14. Bg5 Be6 15. Nxe6 fxe6 16. e4 d4 17. e5 Qc7 18. exf6 dxc3 19. Qxc3 Rac8 20.
Qd4 e5 21. Qc4+ Ne6 22. Qxc7 Rxc7 {Radzikowska,K (2060)-Ciechocinska Miecko,Z
Naleczow 1979 1-0 (31)}) 8... dxc4 9. O-O a6 10. a4 cxd4 11. exd4 Nb6 12. a5
Nbd5 13. Nxd5 Nxd5 14. Bd2 Bd7 15. Bxc4 Rc8 16. b3 Bc6 17. Qd3 Nb4 18. Bxb4
Bxb4 19. Ne5 Bd5 20. Rfd1 Bxa5 21. Rac1 Bc7 22. Bxd5 exd5 23. g3 Re8 24. f4 f6
25. Ng4 Qd7 26. Nf2 Bb6 27. Kg2 Qd6 28. Rxc8 Rxc8 29. Qb1 Re8 30. Kf3 Qe6 31.
Qd3 g6 32. b4 Rc8 33. g4 Rc4 34. f5 Qf7 35. fxg6 hxg6 36. Qe3 Kg7 37. h4 Rxb4
38. h5 gxh5 39. Rg1 h4 40. Rh1 Bxd4 41. Qd2 Rb3+ 42. Nd3 Qg6 0-1

[Event "Floripa Chess Open 2024"]
[Site "Florianopolis"]
[Date "2024.01.28"]
[Round "10.127"]
[White "Andersson, Cristian De Oliveir"]
[Black "Nakata, Thifanni Harumi"]
[Result "1/2-1/2"]
[WhiteElo "1461"]
[BlackElo "1785"]
[PlyCount "95"]
[EventDate "2024.01.20"]
[EventRounds "10"]
[EventCountry "BRA"]

1. c4 c5 2. Nc3 Nf6 3. g3 d5 4. cxd5 Nxd5 5. Bg2 Nc7 6. Nf3 Nc6 7. O-O e5 8. d3
Be7 9. b3 O-O 10. Bb2 f6 11. Rc1 Be6 12. h3 ({RR} 12. e3 Qe8 13. Ne4 Na6 14.
Ba3 Ncb4 15. Bxb4 cxb4 16. d4 Bd5 17. Nfd2 exd4 18. Nxf6+ Bxf6 19. Bxd5+ Kh8
20. exd4 Qd7 21. Bg2 Rad8 22. Nf3 Nc7 23. Rc4 a5 24. Qc2 Ne6 25. h4 b5 26. Rc6
{1/2-1/2 (26) Ionescu,C (2525)-Marin,M (2545) Bucharest 1996}) 12... Qd7 13.
Kh2 Rac8 14. e3 $146 ({RR} 14. Qd2 Rfd8 15. Rfd1 b6 16. Na4 Nd4 17. Ne1 Nd5 18.
Nc3 a5 19. e3 Nc6 20. Na4 Qa7 21. Nc3 Nxc3 22. Bxc3 a4 23. Rb1 axb3 24. axb3 b5
25. Ra1 Qb6 26. Qb2 b4 27. Bd2 Na5 28. f4 exf4 {Veszely,F-Haessel,D (2172)
Edmonton 2000 0-1}) ({RR} 14. Ne4 b6 15. Qd2 Rfd8 16. Rfd1 Nd4 17. Ng1 h6 18.
Qe1 Na6 19. Bc3 Nc6 20. Rc2 Bd5 21. Nd2 Bxg2 22. Kxg2 b5 23. Ngf3 Qd5 24. Kh2
f5 25. Nf1 Nd4 26. Bxd4 exd4 27. Qa5 Nb4 28. Rb2 Qb7 {Priedite,I (2087)
-Kelecevic,N (2227) Bregenz 2016 0-1 (38)}) ({RR} 14. Nd2 b6 15. Nc4 Nd4 16.
Qd2 Rfd8 17. Rfd1 Qe8 18. Ba1 Qh5 19. Re1 Bf5 20. Qb2 Nce6 21. Ne4 g5 22. Qd2
Kh8 23. Qd1 Bxh3 24. Bxh3 g4 25. Rh1 gxh3 26. f3 f5 27. Nf2 f4 28. g4 Qh4 {
Voelker,M-Deuker,H (2094) Frankfurt-Fechenheim 2004 1-0 (41)}) 14... Rfd8 15.
Ne1 b6 16. Qe2 Bf5 17. Rd1 Ne6 18. Ne4 Qe8 19. g4 Bg6 20. Ng3 Bd6 21. Nf5 Bb8
22. Kh1 h5 23. Nf3 hxg4 24. N3h4 Bf7 25. hxg4 Rd7 26. Be4 Ng5 27. f3 Nxe4 28.
fxe4 Rcd8 29. Nf3 Ne7 30. Nxe7+ Qxe7 31. g5 Qe6 32. Rf2 Bh5 33. Qf1 Bxf3+ 34.
Rxf3 fxg5 35. Rf5 Qh6+ 36. Kg2 g4 37. Qh1 Qxe3 38. Bc1 Qd4 39. Rh5 Kf7 40. Qf1+
Ke6 41. Rd2 Rf7 42. Rf5 Rdf8 43. Rdf2 Qd7 44. Rxf7 Rxf7 45. Rxf7 Qxf7 46. Qxf7+
Kxf7 47. Kg3 Bd6 48. Bg5 1/2-1/2

[Event "Floripa Chess Open 2024"]
[Site "Florianopolis"]
[Date "2024.01.28"]
[Round "10.128"]
[White "Nunes, Lilia"]
[Black "Pereira, Thiago Henrique"]
[Result "0-1"]
[WhiteElo "1325"]
[BlackElo "1772"]
[PlyCount "124"]
[EventDate "2024.01.20"]
[EventRounds "10"]
[EventCountry "BRA"]

1. c4 e6 2. Nc3 d5 3. e3 c6 4. d4 Nf6 5. Nf3 Bb4 6. Qc2 O-O 7. Bd3 ({RR} 7. a3
Ba5 8. b4 Bc7 9. Bb2 dxc4 10. Bxc4 Nbd7 11. O-O Nb6 12. Bd3 Nbd5 13. Ne2 Re8
14. e4 Nf4 15. Nxf4 Bxf4 16. e5 Nd5 17. Bxh7+ Kf8 18. Be4 Bd7 19. g3 Bg5 20.
Nd2 Qb6 21. Nc4 Qc7 {Svetushkin,D (2553)-Christensen,S (2193) playchess.com
INT 2004 1-0}) 7... dxc4 ({RR} 7... h6 8. O-O dxc4 9. Bxc4 Nbd7 10. Rd1 Nb6 11.
Be2 Bd7 12. a3 Bd6 13. b4 Nbd5 14. Bb2 Qc7 15. e4 Nxc3 16. Bxc3 Be7 17. Rac1
Rfe8 18. Qb2 Nxe4 19. d5 Nxc3 20. Rxc3 exd5 21. Rxd5 Bf6 {0-1 (21) Romanchuk,V
(2266)-Bashirli,S (1320) chess.com INT 2021}) 8. Bxc4 Nd5 9. O-O $146 ({RR} 9.
e4 Ne7 10. Bg5 Qc7 11. O-O Ng6 12. Rac1 h6 13. Be3 Nd7 14. Rfd1 Nf6 15. e5 Nd5
16. Ne4 Nxe3 17. fxe3 Be7 18. a3 Bd7 19. Ba2 Rad8 20. Rf1 Qc8 21. Bb1 Be8 22.
h4 f5 23. exf6 Bxf6 {Bemak,M (2187)-Geiger,W Eger 2005 1-0}) ({RR} 9. Bd3 h6
10. Bd2 Bd6 11. e4 Nf4 12. O-O-O Nxd3+ 13. Qxd3 Na6 14. e5 Be7 15. a3 Nc7 16.
h4 b5 17. Ng5 g6 18. h5 Bxg5 19. f4 Bxf4 20. Bxf4 g5 21. Rhf1 Nd5 22. Ne4 gxf4
23. Rxf4 Nxf4 {Rosa,D (1851)-Fernandes,R (1800) Porto Alegre 2013 1-0 (43)})
9... b5 10. Bd3 h6 11. a3 Ba5 12. Bd2 Bc7 13. Rac1 Bb7 14. Nxd5 exd5 15. Bxb5
Bxh2+ 16. Nxh2 cxb5 17. Qc5 Re8 18. Rfe1 a6 19. Qc7 Bc6 20. Rxc6 Nxc6 21. Qxc6
Re6 22. Qc5 Rc8 23. Qb4 Rg6 24. Nf3 h5 25. Kf1 h4 26. Ne5 Rf6 27. e4 Rc2 28.
Re2 Re6 29. Qb3 Rc8 30. Qxd5 h3 31. Qxd8+ Rxd8 32. gxh3 Rxd4 33. Bc3 Rd1+ 34.
Re1 Rxe1+ 35. Kxe1 f6 36. Ng4 Rxe4+ 37. Kd2 Kf7 38. f3 Rf4 39. Ke3 Rc4 40. h4
Kg6 41. Be1 Kh5 42. Kd3 Rc1 43. Bf2 Rb1 44. Kc2 Rf1 45. Kd2 f5 46. Ke2 Rb1 47.
Ne3 Rxb2+ 48. Kf1 Kg6 49. Ng2 Rb3 50. Nf4+ Kf7 51. Kg2 Rxa3 52. h5 Ra2 53. Ng6
b4 54. Kg3 b3 55. Ne5+ Ke6 56. Bd4 b2 57. Ng6 b1=Q 58. Nf4+ Kf7 59. Bxg7 Kxg7
60. Kh4 Rh2+ 61. Nh3 Qg1 62. h6+ Kf6 0-1

[Event "Floripa Chess Open 2024"]
[Site "Florianopolis"]
[Date "2024.01.28"]
[Round "10.129"]
[White "Machado, Gilmar Dias"]
[Black "Milkievicz Da Rocha, Mateus"]
[Result "1-0"]
[WhiteElo "1764"]
[BlackElo "1468"]
[PlyCount "55"]
[EventDate "2024.01.20"]
[EventRounds "10"]
[EventCountry "BRA"]

1. e4 {Yermolinsky,A} e5 2. Nf3 Nc6 3. Bc4 Bc5 4. c3 d6 5. O-O Nf6 6. d3 h6 7.
Re1 Be6 ({RR} 7... O-O 8. Nbd2 a6 9. Nf1 Re8 10. a4 Ba7 11. b4 Be6 12. Bxe6
Rxe6 13. Be3 Qd7 14. b5 Ne7 15. bxa6 bxa6 16. Bxa7 Rxa7 17. Qb3 c6 18. Rab1 Ng6
19. g3 a5 20. Ne3 Re8 21. Nc4 Kh7 22. Qc2 {Kramnik,V (2811)-Adams,M (2761)
Shamkir 2017 CBM 178 [Yermolinsky,A] 1-0 (41)}) 8. Bb3 Bb6 ({RR} 8... O-O 9. h3
Re8 10. Nbd2 d5 11. Qe2 d4 12. Bxe6 Rxe6 13. c4 Nh5 14. Nf1 Nf4 15. Bxf4 exf4
16. a3 a5 17. g4 g5 18. Kg2 Kg7 19. N1d2 Qd7 20. Rh1 Rh8 21. Ne1 h5 22. Nc2
Reh6 23. f3 {Santos Flores,A (2182)-Bach,M (2236) chess.com INT 2021 1-0 (57)})
9. Nbd2 Qd7 $146 ({RR} 9... O-O 10. Nf1 Qd7 11. Be3 Bxb3 12. axb3 Ng4 13. Bxb6
axb6 14. h3 {1/2-1/2 (14) Nevednichaia,R-Muslimova,A Riga (Latvia) 1968}) 10.
Nc4 Bg4 11. Ne3 O-O-O 12. Nxg4 Nxg4 13. d4 f5 14. h3 fxe4 15. Rxe4 Nf6 16. Re1
e4 17. Nd2 d5 18. Nf1 Ne7 19. Ba4 c6 20. b4 Bc7 21. Qe2 b5 22. Bd1 g5 23. a4
Bf4 24. axb5 cxb5 25. Be3 Nc6 26. Qxb5 Qb7 27. Be2 Qb6 28. Ra6 1-0